[Event "Bergen Grand Prix 2019"]
[Site "Bergen"]
[Date "2019.11.17"]
[Round "4.11"]
[White "Wallevik, Karl"]
[Black "Hella, Jonas Saterlid"]
[Result "1-0"]
[WhiteElo "1186"]
[BlackElo "1163"]
[Annotator "NA RC"]
[PlyCount "120"]
[EventDate "2019.11.15"]
[EventType "swiss"]
[EventCountry "NOR"]
[SourceTitle "playchess.com"]
[Source "ChessBase"]
[SourceQuality "1"]
[TimeControl "40/5400:1800"]

1. e4 {[%emt 0:00:02]} e5 {[%emt 0:00:11]} 2. Nf3 {[%emt 0:00:07]} Nc6 {[%emt 0:00:55]} 3. d4 {[%emt 0:00:45]} exd4 {[%emt 0:00:00]} 4. Nxd4 {[%emt 0:00:10]} Nxd4 {[%emt 0:00:30]} 5. Qxd4 {[%emt 0:00:36]} Qf6 {[%emt 0:00:00]} 6. e5 {[%emt 0:04:16]} Qc6 {[%emt 0:01:52]} 7. Nc3 {[%emt 0:04:30]} Qc5 {[%emt 0:00:54]} 8. Qf4 {[%emt 0:01:55]} d5 {[%emt 0:02:45]} 9. Bb5+ {[%emt 0:02:22]} c6 {[%emt 0:00:18]} 10. Be3 {[%emt 0:00:14]} Qb4 {[%emt 0:00:36]} 11. Qxb4 {[%emt 0:03:13]} Bxb4 {[%emt 0:00:10]} 12. Ba4 {[%emt 0:01:03]} Bxc3+ {[%emt 0:00:16]} 13. bxc3 {[%emt 0:00:05]} b5 {[%emt 0:00:26]} 14. Bb3 {[%emt 0:00:04]} Be6 {[%emt 0:00:21]} 15. Bc5 {[%emt 0:00:24]} a5 {[%emt 0:00:27]} 16. a4 {[%emt 0:02:43]} Rb8 {[%emt 0:00:29]} 17. O-O {[%emt 0:00:39]} Ne7 {[%emt 0:02:22]} 18. h3 {[%emt 0:04:59]} Ng6 {[%emt 0:00:47]} 19. axb5 {[%emt 0:02:03]} Rxb5 {[%emt 0:00:16]} 20. Bd6 {[%emt 0:00:11]} Kd7 {[%emt 0:02:25]} 21. Rfd1 {[%emt 0:01:58]} Ra8 {[%emt 0:01:25]} 22. Ra4 {[%emt 0:03:07]} Nf8 {[%emt 0:01:45]} 23. c4 {[%emt 0:03:35]} Rb6 {[%emt 0:04:00]} 24. Bxf8 {[%emt 0:01:55]} Rxf8 {[%emt 0:00:10]} 25. Rxa5 {[%emt 0:00:09]} Kc7 {[%emt 0:02:46]} 26. cxd5 {[%emt 0:04:18]} cxd5 {[%emt 0:00:28]} 27. Bxd5 {[%emt 0:02:48]} Bxd5 {[%emt 0:00:59]} 28. Rdxd5 {[%emt 0:00:08]} Rb1+ {[%emt 0:00:16]} 29. Kh2 {[%emt 0:00:08]} Rb2 {[%emt 0:00:31]} 30. Rac5+ {[%emt 0:00:16]} Kb6 {[%emt 0:00:17]} 31. Rc3 {[%emt 0:00:55]} f6 {[%emt 0:00:26]} 32. Rd6+ {[%emt 0:03:32]} Kb5 {[%emt 0:00:31]} 33. Rb3+ {[%emt 0:01:11]} Rxb3 {[%emt 0:00:14]} 34. cxb3 {[%emt 0:00:20]} fxe5 {[%emt 0:00:27]} 35. Kg3 {[%emt 0:01:37]} Rf7 {[%emt 0:00:00]} 36. Rd2 {[%emt 0:00:43]} Kb4 {[%emt 0:00:28]} 37. Rd3 {[%emt 0:00:41]} g6 {[%emt 0:01:16]} 38. f3 {[%emt 0:00:08]} h5 {[%emt 0:00:36]} 39. Kf2 {[%emt 0:00:23]} g5 {[%emt 0:00:26]} 40. Ke3 {[%emt 0:00:56]} h4 {[%emt 0:00:43]} 41. Ke4 {[%emt 0:30:23]} Rc7 {[%emt 0:30:17]} 42. Kxe5 {[%emt 0:00:53]} Rc2 {[%emt 0:00:08]} 43. Rd4+ {[%emt 0:02:52]} Kxb3 {[%emt 0:00:12]} 44. Rg4 {[%emt 0:00:06]} Rc5+ {[%emt 0:00:26]} 45. Kf6 {[%emt 0:00:18]} Kc3 {[%emt 0:00:54]} 46. Rxg5 {[%emt 0:00:13]} Rxg5 {[%emt 0:00:05]} 47. Kxg5 {[%emt 0:00:18]} Kd4 {[%emt 0:00:04]} 48. Kxh4 {[%emt 0:00:08]} Ke5 {[%emt 0:00:04]} 49. g4 {[%emt 0:00:10]} Kf6 {[%emt 0:00:05]} 50. Kh5 {[%emt 0:00:20]} Kg7 {[%emt 0:00:06]} 51. f4 {[%emt 0:00:04]} Kg8 {[%emt 0:00:04]} 52. Kg6 {[%emt 0:00:11]} Kf8 {[%emt 0:00:05]} 53. f5 {[%emt 0:00:07]} Kg8 {[%emt 0:00:04]} 54. h4 {[%emt 0:00:07]} Kf8 {[%emt 0:00:04]} 55. h5 {[%emt 0:00:13]} Kg8 {[%emt 0:00:02]} 56. h6 {[%emt 0:00:19]} Kh8 {[%emt 0:00:07]} 57. f6 {[%emt 0:00:13]} Kg8 {[%emt 0:00:03]} 58. f7+ {[%emt 0:00:27]} Kf8 {[%emt 0:00:07]} 59. h7 {[%emt 0:00:10]} Ke7 {[%emt 0:00:03]} 60. h8=Q {[%emt 0:00:31]} Kd6 {[%emt 0:00:00]} 1-0

[Event "Bergen Grand Prix 2019"]
[Site "Bergen"]
[Date "2019.11.17"]
[Round "4.12"]
[White "Fiskaaen, Martin Holten"]
[Black "Hestholm, Freddy"]
[Result "1-0"]
[WhiteElo "1190"]
[BlackElo "1240"]
[Annotator "NA RC"]
[PlyCount "113"]
[EventDate "2019.11.15"]
[EventType "swiss"]
[EventCountry "NOR"]
[SourceTitle "playchess.com"]
[Source "ChessBase"]
[SourceQuality "1"]
[TimeControl "40/5400:1800"]

1. e4 {[%emt 0:00:05]} e5 {[%emt 0:00:05]} 2. Nf3 {[%emt 0:00:10]} Nf6 {[%emt 0:00:11]} 3. Nxe5 {[%emt 0:00:18]} d6 {[%emt 0:00:01]} 4. Nf3 {[%emt 0:00:15]} Nxe4 {[%emt 0:00:09]} 5. Nc3 {[%emt 0:00:51]} Nxc3 {[%emt 0:00:07]} 6. dxc3 {[%emt 0:00:07]} Be7 {[%emt 0:00:08]} 7. Be3 {[%emt 0:01:12]} Nc6 {[%emt 0:01:55]} 8. Bc4 {[%emt 0:04:07]} Be6 {[%emt 0:01:37]} 9. Bxe6 {[%emt 0:00:42]} fxe6 {[%emt 0:00:13]} 10. Nd4 {[%emt 0:00:32]} Qd7 {[%emt 0:00:30]} 11. Qg4 {[%emt 0:04:24]} Nxd4 {[%emt 0:05:37]} 12. Bxd4 {[%emt 0:10:37]} Rg8 {[%emt 0:01:51]} 13. Qh5+ {[%emt 0:08:41]} g6 {[%emt 0:01:15]} 14. Qxh7 {[%emt 0:05:11]} O-O-O {[%emt 0:00:39]} 15. Qh3 {[%emt 0:00:52]} e5 {[%emt 0:06:16]} 16. Qxd7+ {[%emt 0:00:15]} Rxd7 {[%emt 0:00:08]} 17. Be3 {[%emt 0:00:31]} e4 {[%emt 0:01:31]} 18. O-O-O {[%emt 0:01:27]} d5 {[%emt 0:00:38]} 19. b4 {[%emt 0:08:39]} a6 {[%emt 0:03:33]} 20. Kb2 {[%emt 0:03:57]} b5 {[%emt 0:01:23]} 21. Kb3 {[%emt 0:02:35]} c6 {[%emt 0:01:46]} 22. a4 {[%emt 0:01:04]} Kc7 {[%emt 0:00:51]} 23. axb5 {[%emt 0:01:22]} cxb5 {[%emt 0:02:55]} 24. Bd4 {[%emt 0:01:20]} Rf8 {[%emt 0:02:16]} 25. Ra1 {[%emt 0:00:35]} Kb7 {[%emt 0:00:40]} 26. Ra2 {[%emt 0:00:25]} Bf6 {[%emt 0:00:36]} 27. Bc5 {[%emt 0:01:00]} Ra8 {[%emt 0:01:24]} 28. Ra3 {[%emt 0:00:56]} g5 {[%emt 0:01:06]} 29. Rd1 {[%emt 0:00:54]} g4 {[%emt 0:01:09]} 30. Be3 {[%emt 0:01:03]} Rh8 {[%emt 0:00:36]} 31. Bf4 {[%emt 0:01:08]} Rc8 {[%emt 0:00:46]} 32. Kb2 {[%emt 0:01:46]} Rc4 {[%emt 0:05:09]} 33. Rb3 {[%emt 0:02:43]} d4 {[%emt 0:03:44]} 34. Kb1 {[%emt 0:02:29]} d3 {[%emt 0:01:47]} 35. Kb2 {[%emt 0:03:19]} Kc6 {[%emt 0:06:14]} 36. cxd3 {[%emt 0:01:38]} Rxd3 {[%emt 0:04:06]} 37. Rxd3 {[%emt 0:00:23]} exd3 {[%emt 0:00:24]} 38. Bd2 {[%emt 0:01:15]} Kd5 {[%emt 0:01:39]} 39. Kc1 {[%emt 0:01:15]} a5 {[%emt 0:03:16]} 40. bxa5 {[%emt 0:01:51]} Ra4 {[%emt 0:00:46]} 41. Rxb5+ {[%emt 0:30:57]} Kc4 {[%emt 0:30:17]} 42. Rb4+ {[%emt 0:00:21]} Rxb4 {[%emt 0:00:36]} 43. cxb4 {[%emt 0:00:09]} Kb5 {[%emt 0:07:45]} 44. f3 {[%emt 0:00:15]} gxf3 {[%emt 0:01:22]} 45. gxf3 {[%emt 0:00:09]} Bh4 {[%emt 0:00:19]} 46. Kd1 {[%emt 0:00:28]} Be7 {[%emt 0:01:13]} 47. h3 {[%emt 0:00:27]} Bh4 {[%emt 0:01:12]} 48. f4 {[%emt 0:00:13]} Be7 {[%emt 0:00:08]} 49. f5 {[%emt 0:00:10]} Bf6 {[%emt 0:01:57]} 50. Be1 {[%emt 0:00:15]} Bg5 {[%emt 0:02:50]} 51. h4 {[%emt 0:00:14]} Bf6 {[%emt 0:00:35]} 52. h5 {[%emt 0:00:16]} Bg5 {[%emt 0:00:08]} 53. Bd2 {[%emt 0:00:33]} Bf6 {[%emt 0:00:27]} 54. h6 {[%emt 0:00:31]} Ka6 {[%emt 0:00:17]} 55. Be3 {[%emt 0:01:04]} Bc3 {[%emt 0:00:53]} 56. Bc5 {[%emt 0:00:16]} Bf6 {[%emt 0:00:24]} 57. Bf8 {[%emt 0:00:29]} 1-0

[Event "Bergen Grand Prix 2019"]
[Site "Bergen"]
[Date "2019.11.17"]
[Round "5.1"]
[White "Haldorsen, Benjamin"]
[Black "Mansoor, Afras"]
[Result "1-0"]
[WhiteElo "2443"]
[BlackElo "2115"]
[Annotator "TA"]
[PlyCount "115"]
[EventDate "2019.11.15"]
[EventType "swiss"]
[EventCountry "NOR"]
[SourceTitle "playchess.com"]
[Source "ChessBase"]
[SourceQuality "1"]

{[%evp 22,115,25,16,60,14,47,32,38,37,62,36,45,45,38,14,16,19,21,0,0,-16,-11,-37,0,0,0,7,12,-20,7,0,48,35,37,39,47,34,28,29,60,18,104,105,104,103,111,102,100,100,111,118,113,111,170,146,198,204,207,194,207,204,209,203,189,157,219,222,219,177,204,206,198,178,235,232,270,259,466,474,431,425,493,397,463,338,1725,1885,12245,29965,11258,5381,12260,11258,4133,4132]} 1. e4 e5 2. Nf3 Nc6 3. Bb5 a6 4. Ba4 Nf6 5. O-O Be7 6. Re1 b5 7. Bb3 O-O 8. a4 Bb7 9. d3 d6 10. Nbd2 {[%cal Bb1d2,Bd2f1,Bf1e3][%mdl 32]} Na5 11. Ba2 c5 12. Nf1 h6 {C88: Closed Ruy Lopez: Anti-Marshall Systems} 13. Bd2 Nc6 {[#]} 14. h3 $146 ({Predecessor:} 14. Ne3 Re8 15. Nh4 Bf8 16. Nef5 Nd4 17. Nxd4 cxd4 18. Qf3 d5 19. Nf5 Kh7 20. Ng3 {1-0 (49) Sasikiran,K (2680)-Sumit,K (2176) Stockholm 2017}) 14... Re8 {White is slightly better.} 15. Ne3 Bf8 16. c3 Ne7 17. Ng4 Ng6 18. Qb3 Qe7 19. Nxf6+ Qxf6 20. axb5 axb5 21. Nh2 Bc6 22. Qd1 Rad8 23. Ng4 Qe7 24. Qf3 Qb7 25. Qg3 {[#] And now Nxh6+! would win.} Kh8 26. h4 h5 27. Ne3 {Hoping for Nd5.} Nf4 28. Nf1 $36 {[%mdl 2048] White has the initiative.} Ne6 29. Qf3 g6 30. Ne3 Bg7 31. Nd5 (31. Bd5 $5 {[%cal Rd5c6]}) 31... Bxd5 (31... f5 $11) 32. Bxd5 $16 Qe7 33. g3 Rf8 34. Ra5 Rb8 35. Rea1 Nc7 36. Ra7 Qd8 37. Bb3 c4 (37... Qc8 $16 38. Bg5 f6) 38. Bc2 Kg8 (38... Kh7 $16 39. Bg5 f6) 39. Bg5 $18 Qc8 40. Be7 {[%mdl 64] [#] Double Attack} Re8 41. Bxd6 Rb7 42. Qe3 {Strongly threatening Rxb7.} Ne6 43. Bb4 Qb8 (43... Rd8 $16 44. dxc4 bxc4) 44. Rxb7 Qxb7 45. Bd1 Ra8 46. Rxa8+ Qxa8 47. dxc4 bxc4 (47... Qa1 {might work better.}) 48. Be2 Qa2 49. Kg2 Bf8 $2 (49... Qxb2 50. Bxc4 Qc2) 50. Bxf8 Kxf8 51. Qb6 Qb3 52. Qd6+ Kg8 53. Qxe5 Qxb2 $2 (53... Kh7 54. g4 hxg4) 54. Bxc4 Qb6 55. Bxe6 fxe6 56. Qf6 {White is clearly winning.} Kh7 57. Qf7+ Kh8 58. Qxg6 {Accuracy: White = 71%, Black = 38%.} 1-0

[Event "Bergen Grand Prix 2019"]
[Site "Bergen"]
[Date "2019.11.17"]
[Round "5.2"]
[White "Fossan, Aleksander"]
[Black "Fossan, Petter"]
[Result "1/2-1/2"]
[WhiteElo "2179"]
[BlackElo "2315"]
[Annotator "TA"]
[PlyCount "114"]
[EventDate "2019.11.15"]
[EventType "swiss"]
[EventCountry "NOR"]
[SourceTitle "playchess.com"]
[Source "ChessBase"]
[SourceQuality "1"]

{[%evp 20,114,21,30,14,18,29,7,13,28,38,-2,-8,0,37,24,67,66,172,158,158,147,410,369,328,208,212,39,33,7,5,-16,-19,-18,-16,-17,-17,-16,-18,-42,-42,-43,-14,-14,-10,-11,-10,-10,0,0,0,0,0,0,0,0,0,0,0,0,0,-13,0,0,0,0,0,0,0,0,0,0,0,0,0,0,0,0,0,0,0,0,0,0,0,0,0,0,0,0,0,0,0,0,0,0,0]} 1. e4 c5 2. c3 g6 3. d4 cxd4 4. cxd4 d5 5. exd5 Nf6 6. Nc3 Bg7 7. Qb3 O-O 8. Be2 Nbd7 9. Bf3 Nb6 10. Nge2 Bf5 11. O-O Qd7 {B14: Caro-Kann: Panov-Botvinnik Attack with 5...e6 and 5...g6} 12. Re1 Bd3 13. Nf4 Bc4 14. Qb4 $146 ({Predecessor:} 14. Qd1 Rfe8 15. Re5 Rac8 16. b3 Ba6 17. Bb2 Qd6 {½-½ (17) Asauskas,H (2378)-Izoria,Z (2600) Yerevan 2004}) 14... Rfe8 {[%cal Rf6d5]} 15. a4 (15. d6 $5) 15... Bf8 16. Qa5 Red8 {[%cal Rb6d5]} 17. d6 $36 {[%mdl 2048] White is pushing.} exd6 18. Qg5 Bg7 ({Better is} 18... Re8 $14 19. Re3 Rxe3 20. Bxe3 Be7) 19. a5 $18 Nc8 20. a6 d5 $2 {[%mdl 8192]} (20... Rb8 $16) 21. Nfxd5 Nxd5 22. axb7 Rb8 {[#] Strongly threatening ...Nce7.} 23. bxc8=Q $2 ({Much less strong is} 23. bxc8=R $6 Rbxc8 24. Bxd5 Bxd5 $14) (23. Nxd5 $1 $18 Rxb7 24. Ne7+ Nxe7 25. Bxb7) 23... Rbxc8 $14 24. Nxd5 Bxd5 25. Re7 Re8 26. Rxe8+ Rxe8 {[%cal Re8e1] [#]} 27. Be3 Bxf3 28. gxf3 Bxd4 29. Bxd4 Qxd4 $11 {[%mdl 4096] Endgame KQR-KQR} 30. Qg4 Qc5 {White must now prevent ...Re2!} 31. b4 {The position is equal.} Qc7 32. Qd4 Re7 (32... Qb6 {with more complications.} 33. Qxb6 axb6 34. Ra6 Re6 35. Ra8+ Kg7) 33. Kg2 Qb6 (33... Rd7 {is interesting.} 34. Qe3 h5 35. Ra6 Qb7 36. Ra5 Qxb4 37. Rxa7 Rd8) 34. Qxb6 axb6 {KR-KR} 35. Ra8+ Kg7 36. Rb8 Re6 37. Rb7 h5 38. f4 Kf6 39. Kg3 Rd6 40. Kh4 Ke6 41. f5+ Kf6 42. fxg6 fxg6 43. b5 Kf5 44. Rf7+ Ke6 45. Rg7 Kf6 46. Rb7 Kf5 47. Rf7+ Rf6 48. Rb7 Kf4 49. Rb8 Kf3 50. Kg5 Rf5+ 51. Kxg6 Rxb5 52. Rh8 Kxf2 53. h4 Kg3 54. Rxh5 Rb4 55. Rh8 Rg4+ 56. Kf6 Rxh4 57. Rxh4 Kxh4 {Accuracy: White = 63%, Black = 46%.} 1/2-1/2

[Event "Bergen Grand Prix 2019"]
[Site "Bergen"]
[Date "2019.11.17"]
[Round "5.3"]
[White "Kizatbay, Abyl"]
[Black "Holleland, Sigve"]
[Result "1-0"]
[WhiteElo "2113"]
[BlackElo "2098"]
[Annotator "TA"]
[PlyCount "73"]
[EventDate "2019.11.15"]
[EventType "swiss"]
[EventCountry "NOR"]
[SourceTitle "playchess.com"]
[Source "ChessBase"]
[SourceQuality "1"]

{[%evp 9,73,0,8,5,0,0,0,0,4,11,39,40,89,75,97,0,98,75,69,63,56,75,174,83,83,83,112,119,102,106,100,101,109,109,129,131,250,249,236,227,225,244,240,246,251,250,247,156,162,162,168,155,159,160,160,160,160,160,160,154,156,94,812,812,797,786]} 1. e4 c5 2. Nf3 Nc6 3. Bb5 g6 4. Bxc6 bxc6 5. d4 Bg7 (5... cxd4 6. Qxd4 f6 7. Qa4 Bg7 8. O-O Nh6 9. c4 Qb6 10. Nc3 O-O 11. Re1 Nf7 12. Be3 Qb7 13. Qb3 Qxb3 14. axb3 {½-½ (31) Vachier Lagrave,M (2774)-Radjabov,T (2758) Khanty-Mansiysk 2019}) 6. dxc5 {B31: Sicilian: 2...Nc6 3 Bb5 g6} Qa5+ 7. Nbd2 Qxc5 8. O-O {The position is equal.} Nf6 9. Nb3 Qh5 10. e5 $146 ({Predecessor:} 10. Re1 O-O 11. e5 Ng4 12. Bf4 f6 13. exf6 Rxf6 {1-0 (37) Paravyan,D (2620)-Palachev,P (2402) Sochi 2018}) 10... Nd5 {[#]} 11. Re1 $1 O-O 12. h3 (12. Re4 $16 {Threatens to win with Rh4.} Qf5 13. Nc5) 12... d6 (12... f6 $1 $11 {keeps the balance.}) 13. c4 Nb6 14. c5 ({Much worse is} 14. exd6 $6 exd6 15. Qxd6 Bxh3 $15) 14... dxc5 15. Nxc5 Nd5 {[#]} (15... Bf5 $16) 16. Nd4 (16. Re4 $1 $18 {[%cal Re4h4] has better winning chances.} g5 17. Bxg5) 16... Qxd1 $16 17. Rxd1 Nb4 18. a3 $36 {[%mdl 2048] Keeping Black busy.} Na6 19. Nxa6 Bxa6 20. Nxc6 Rfe8 21. Bf4 f6 22. Rac1 Bc8 (22... Bb5 $16 {is a better defense.} 23. Rd5 a6) 23. Nxe7+ $18 Rxe7 24. Rd8+ Kf7 {And now ...Bb7 would win.} 25. Rcxc8 Rxc8 26. Rxc8 fxe5 {[%mdl 4096] Endgame KRB-KRB} 27. Be3 a5 28. Rb8 Rd7 29. g3 e4 30. Kg2 Ke6 31. b4 axb4 32. Rxb4 ({Don't do} 32. axb4 Bd4 $16) 32... Kd5 33. a4 Bc3 34. Rb8 Bd4 35. Bg5 (35. Bxd4 $142 Kxd4 36. a5) 35... Ra7 $2 {[%mdl 8192]} (35... Rf7 $16) 36. Rd8+ Kc4 {[#]} 37. Rxd4+ $1 {[%mdl 576] Remove Defender. Accuracy: White = 69%, Black = 44%.} 1-0

[Event "Bergen Grand Prix 2019"]
[Site "Bergen"]
[Date "2019.11.17"]
[Round "5.4"]
[White "Gronnestad, Anita"]
[Black "Omtvedt, Aleksander"]
[Result "1/2-1/2"]
[WhiteElo "1952"]
[BlackElo "1900"]
[Annotator "NA RC"]
[PlyCount "48"]
[EventDate "2019.11.15"]
[EventType "swiss"]
[EventCountry "NOR"]
[SourceTitle "playchess.com"]
[Source "ChessBase"]
[SourceQuality "1"]
[TimeControl "40/5400:1800"]

{[%evp 11,48,23,32767,0,32767,-7,-12,-2,-18,-29,24,-2,-3,-34,32767,32767,-26,32767,32767,32767,32767,32767,32767,32767,-47,-33,-43,32767,32767,32767,-40,-47,-47,-44,32767,-43,-48,-39,-29]} 1. d4 {[%emt 0:00:03]} d5 {[%emt 0:00:07]} 2. c4 {[%emt 0:00:19]} c6 {[%emt 0:00:04]} 3. cxd5 {[%emt 0:00:08]} cxd5 {[%emt 0:00:06]} 4. Bf4 {[%emt 0:00:05]} Nc6 {[%emt 0:00:48]} 5. Nc3 {[%emt 0:00:33]} Nf6 {[%emt 0:01:17]} 6. e3 {[%emt 0:00:25]} Bf5 {[%emt 0:02:28]} 7. Bb5 {[%emt 0:01:00]} e6 {[%emt 0:02:42]} 8. Qa4 {[%emt 0:02:20]} Qb6 {[%emt 0:01:17]} 9. Nf3 {[%emt 0:00:42]} Be7 {[%emt 0:00:26]} 10. Ne5 {[%emt 0:01:30]} Rc8 {[%emt 0:00:18]} 11. O-O {[%emt 0:03:44] D14: Slav Defence: Exchange variation with ...Bf5} (11. Bg5 h6 12. Bh4 a6 13. Bxc6+ bxc6 14. O-O g5 15. Bg3 O-O 16. Rac1 Rfe8 17. h4 c5 18. hxg5 hxg5 19. dxc5 Bxc5 {1-0 (33) Kayonde,A (2336)-Degondo,S (2177) Windhoek 2014}) 11... O-O {[%emt 0:00:10]} 12. Bg5 {[%emt 0:03:00]} Rc7 {[%emt 0:03:46]} 13. Rac1 $146 {[%emt 0:06:00]} ({Predecessor:} 13. h3 Nxe5 14. dxe5 Ne4 15. Nxe4 Bxe4 16. Bxe7 Rxe7 17. Rac1 a6 18. Qa3 Rc7 {0-1 (64) Aulinger,R-Degen,W (2215) St Ingbert 1989}) 13... h6 {[%emt 0:05:36]} 14. Bf4 {[%emt 0:02:43]} Nxe5 {[%emt 0:04:23]} 15. Bxe5 {[%emt 0:00:21]} Rcc8 {[%emt 0:00:12]} 16. Qb3 {[%emt 0:05:22]} a6 {[%emt 0:01:48]} 17. Ba4 {[%emt 0:07:46]} Qxb3 {[%emt 0:01:53]} 18. Bxb3 {[%emt 0:00:07]} Nd7 {[%emt 0:00:57]} 19. Bg3 {[%emt 0:01:30]} Rc6 {[%emt 0:02:14]} 20. Ne2 {[%emt 0:05:48]} Bd3 {[%emt 0:06:25]} 21. Rxc6 {[%emt 0:00:50]} bxc6 {[%emt 0:00:01]} 22. Re1 {[%emt 0:00:24]} c5 {[%emt 0:01:41]} 23. Nf4 {[%emt 0:02:54]} Bh7 {[%emt 0:01:23]} 24. Rc1 {[%emt 0:09:37]} c4 $11 {[%emt 0:02:05]} 1/2-1/2

[Event "Bergen Grand Prix 2019"]
[Site "Bergen"]
[Date "2019.11.17"]
[Round "5.5"]
[White "Eliseev, Sergey"]
[Black "Johannessen, Heine N"]
[Result "1/2-1/2"]
[WhiteElo "1911"]
[BlackElo "1772"]
[Annotator "NA RC"]
[PlyCount "147"]
[EventDate "2019.11.15"]
[EventType "swiss"]
[EventCountry "NOR"]
[SourceTitle "playchess.com"]
[Source "ChessBase"]
[SourceQuality "1"]
[TimeControl "40/5400:1800"]

{[%evp 8,147,22,-6,15,7,32767,10,48,33,40,32767,27,-4,13,17,16,0,32767,32767,32767,-27,-6,-11,10,9,13,32767,18,10,3,0,0,0,32767,-6,-11,-6,-4,-8,-4,-7,0,0,0,0,32767,0,5,0,6,0,7,0,0,0,0,0,5,0,0,0,0,0,0,0,0,0,0,0,0,32767,32767,0,0,0,0,32767,0,0,0,0,0,0,0,0,0,0,0,0,0,0,0,0,0,0,0,0,0,0,0,0,0,0,0,0,0,0,0,0,0,0,32767,0,0,0,0,0,0,0,0,0,0,8,8,8,0,0,8,8,8,0,8,0,8,8,0,0,8,0,0,0]} 1. d4 {[%emt 0:00:07]} d5 {[%emt 0:00:12]} 2. Nf3 {[%emt 0:00:12]} Nf6 {[%emt 0:00:35]} 3. c4 {[%emt 0:00:32]} dxc4 {[%emt 0:02:45]} 4. e3 {[%emt 0:00:11]} a6 {[%emt 0:02:37]} 5. a4 {[%emt 0:03:26]} e6 {[%emt 0:01:25]} 6. Bxc4 {[%emt 0:03:08]} c5 {[%emt 0:01:47]} 7. O-O {[%emt 0:01:14]} Nbd7 {[%emt 0:01:43]} 8. Nc3 {[%emt 0:04:21]} Bd6 {[%emt 0:02:16] D27: Queen's Gambit Accepted: Classical main line: 7 e4!? and 7 a4} (8... Qc7 9. Bd3 Bd6 10. Bd2 cxd4 11. exd4 O-O 12. Rc1 Qb8 13. Ne4 Nxe4 14. Bxe4 Nf6 15. Bb1 Bf4 16. Ne5 Bxd2 17. Qxd2 {1-0 (64) Gelfand,B (2741)-Bocharov,D (2560) Berlin 2015}) 9. a5 {[%emt 0:14:37]} O-O {[%emt 0:03:04]} 10. h3 {[%emt 0:15:22]} b5 $146 {[%emt 0:02:46]} ({Predecessor:} 10... cxd4 11. exd4 b5 12. axb6 Qxb6 13. Qe2 Bb7 14. Be3 {½-½ (34) Panteleev,P (2251)-Sulava,N (2453) Austria 2015}) 11. axb6 $1 {[%emt 0:00:20]} Nxb6 {[%emt 0:00:16]} 12. Be2 {[%emt 0:00:35]} Bb7 {[%emt 0:01:20]} 13. Na4 {[%emt 0:05:57]} Nxa4 {[%emt 0:04:37]} 14. Qxa4 {[%emt 0:05:40]} Qe7 {[%emt 0:01:56]} 15. b3 {[%emt 0:03:23]} Rfb8 {[%emt 0:08:16]} 16. dxc5 {[%emt 0:05:34]} Bxc5 {[%emt 0:00:15]} 17. Nd4 {[%emt 0:01:06]} Qd7 {[%emt 0:05:24]} 18. Qxd7 {[%emt 0:00:50]} Nxd7 {[%emt 0:00:13]} 19. Ba3 {[%emt 0:03:07]} Bd5 {[%emt 0:01:47]} 20. b4 {[%emt 0:02:31]} Bxb4 {[%emt 0:01:09]} 21. Bxb4 {[%emt 0:00:12]} Rxb4 {[%emt 0:00:06]} 22. Rxa6 {[%emt 0:00:40]} Rxa6 {[%emt 0:00:10]} 23. Bxa6 {[%emt 0:00:01]} g6 {[%emt 0:00:55]} 24. Rc1 {[%emt 0:01:06]} Rb6 {[%emt 0:02:15]} 25. Bc4 {[%emt 0:03:29]} Bxc4 {[%emt 0:00:46]} 26. Rxc4 {[%emt 0:00:03]} Nf6 {[%emt 0:01:10]} 27. Nf3 {[%emt 0:00:53]} Rb7 {[%emt 0:02:54]} 28. Ra4 {[%emt 0:01:19]} Rc7 {[%emt 0:00:26]} 29. Rd4 {[%emt 0:01:12]} Rb7 {[%emt 0:00:08]} 30. g4 {[%emt 0:00:18]} h6 {[%emt 0:00:38]} 31. Kg2 {[%emt 0:00:18]} Kg7 {[%emt 0:00:08]} 32. Kg3 {[%emt 0:01:31]} Rd7 {[%emt 0:00:33]} 33. Rxd7 {[%emt 0:00:20]} Nxd7 {[%emt 0:00:06]} 34. e4 {[%emt 0:00:51]} f6 {[%emt 0:00:23]} 35. h4 {[%emt 0:00:27]} e5 {[%emt 0:00:50]} 36. Nd2 {[%emt 0:00:38]} Nc5 {[%emt 0:01:33]} 37. f3 {[%emt 0:00:38]} Nd3 {[%emt 0:00:15]} 38. h5 {[%emt 0:00:40]} Nf4 {[%emt 0:00:16]} 39. Kh4 {[%emt 0:00:45]} Ng2+ {[%emt 0:00:16]} 40. Kg3 {[%emt 0:00:11]} Nf4 {[%emt 0:00:07]} 41. hxg6 {[%emt 0:31:09]} Kxg6 {[%emt 0:30:15]} 42. Nc4 {[%emt 0:01:04]} Ne2+ {[%emt 0:00:45]} 43. Kf2 {[%emt 0:00:00]} Nf4 {[%emt 0:00:00]} 44. Ne3 {[%emt 0:00:00]} h5 {[%emt 0:00:00]} 45. Kg3 {[%emt 0:00:00]} hxg4 {[%emt 0:00:00]} 46. Kxg4 {[%emt 0:00:00]} Nd3 {[%emt 0:00:00]} 47. Nf5 {[%emt 0:00:00]} Nf2+ {[%emt 0:00:00]} 48. Kh4 {[%emt 0:00:00]} Nd3 {[%emt 0:00:00]} 49. Ne3 {[%emt 0:00:00]} Ne1 {[%emt 0:00:00]} 50. Kg4 {[%emt 0:00:00]} Nd3 {[%emt 0:00:00]} 51. Nd5 {[%emt 0:00:48]} Nf2+ {[%emt 0:00:00]} 52. Kg3 {[%emt 0:00:00]} Nd3 {[%emt 0:00:00]} 53. Kh4 {[%emt 0:00:00]} Ne1 {[%emt 0:00:00]} 54. Kg4 {[%emt 0:00:00]} Nd3 {[%emt 0:00:00]} 55. Ne7+ {[%emt 0:00:00]} Kf7 {[%emt 0:00:00]} 56. Nf5 {[%emt 0:00:00]} Kg6 {[%emt 0:00:00]} 57. Nh4+ {[%emt 0:00:00]} Kf7 {[%emt 0:00:00]} 58. Kf5 {[%emt 0:00:00]} Ne1 {[%emt 0:00:00]} 59. Kg4 {[%emt 0:00:00]} Nd3 {[%emt 0:00:00]} 60. Ng2 {[%emt 0:00:00]} Kg6 {[%emt 0:00:00]} 61. Kh4 {[%emt 0:00:00]} Nf2 {[%emt 0:00:00]} 62. Kg3 {[%emt 0:00:00]} Nd3 {[%emt 0:00:00]} 63. Kh4 {[%emt 0:00:00]} Nf2 {[%emt 0:00:00]} 64. Ne1 {[%emt 0:00:00]} Nxe4 {[%emt 0:00:00]} 65. fxe4 {[%emt 0:00:00]} f5 {[%emt 0:00:00]} 66. exf5+ {[%emt 0:00:00]} Kxf5 {[%emt 0:00:00]} 67. Kg3 {[%emt 0:00:00]} Ke4 {[%emt 0:00:00]} 68. Kf2 {[%emt 0:00:00]} Kd4 {[%emt 0:00:00]} 69. Ke2 {[%emt 0:00:00]} e4 {[%emt 0:00:00]} 70. Nc2+ {[%emt 0:00:00]} Kc3 $11 {[%emt 0:00:00]} 71. Ne3 {[%emt 0:00:00]} Kd4 {[%emt 0:00:00]} 72. Ng4 {[%emt 0:00:00]} e3 {[%emt 0:00:00]} 73. Nf6 {[%emt 0:00:00]} Ke5 {[%emt 0:00:00]} 74. Kxe3 {[%emt 0:00:00]} 1/2-1/2